Manual do Direito Internacional Público (Record no. 133401)

MARC details
000 -LÍDER
campo de controle de tamanho fixo 00615 a2200205 4500
001 - NÚMERO DE CONTROLE
campo de controle 133401
020 ## - ISBN - INTERNATIONAL STANDARD BOOK NUMBER
ISBN - International Standard Book Number 85-02-03770-6
040 ## - FONTE DA CATALOGAÇÃO
Instituição que transcreveu o registro Leonardo Da Vinci
041 ## - CÓDIGO DE IDIOMA
Código do idioma do texto/trilha sonora ou título diferente Português
082 ## - CDD - CLASSIFICAÇÃO DECIMAL DE DEWEY
Número de Classificação 341 S58m
Número do exemplar S58m
100 ## - ENTRADA PRINCIPAL--NOME PESSOAL
Nome pessoal SILVA, Geraldo Eulálio do Nascimento
-- ACCIOLY, Hidelbrando
245 ## - TÍTULO
Título Manual do Direito Internacional Público
250 ## - EDIÇÃO
Edição 15.ed
260 ## - PUBLICAÇÃO, DISTRIBUIÇÃO, ETC.
Nome do editor, distribuidor, etc. Saraiva
Data da publicação, distribuição, etc. 2002
Local de publicação, distribuição, etc. São Paulo
300 ## - DESCRIÇÃO FÍSICA
Extensão 566
362 ## - DATAS DE PUBLICAÇÃO E/OU DESIGNAÇÃO SEQUENCIAL
Datas de publicação e/ou designação sequencial 20020000
500 ## - NOTA GERAL
Nota geral Paulo Borba Casella (Revisão e Atualização)
697 ## - ENTRADA DE ASSUNTO LOCAL--ENTIDADE COLETIVA (RLIN)
Nome corporativo ou nome da jurisdição Direito
-- Direito Público
-- Direito Internacional Púbico
-- Brasil
-- IPPG/FIPEN
942 ## - ELEMENTOS DE ENTRADA ADICIONADOS (KOHA)
Tipo de material Koha Livros
Holdings
Situação do descarte Situação das perdas Situação física Não pode ser emprestado Biblioteca de origem Biblioteca atual Data de aquisição Total de empréstimos Número de chamada completo Código de barras Data de último acesso Data do preço efetivo Tipo de material Koha
        Leonardo Da Vinci - Osasco Leonardo Da Vinci - Osasco 27/03/2024   341 S58m O008150 27/03/2024 27/03/2024 Livros
        Leonardo Da Vinci - Osasco Leonardo Da Vinci - Osasco 27/03/2024   341 S58m O008151 27/03/2024 27/03/2024 Livros
        Leonardo Da Vinci - Osasco Leonardo Da Vinci - Osasco 27/03/2024   341 S58m O008152 27/03/2024 27/03/2024 Livros